| 000 | 00807nam a2200229 i 4500 | ||
|---|---|---|---|
| 001 | 180217 | ||
| 003 | ES-MaACL | ||
| 005 | 20250822012615.0 | ||
| 008 | 120518s2011 sp a |||| | spa d | ||
| 020 | _a978-84-9948-530-0 | ||
| 080 | _a159.923.2 | ||
| 100 | 1 |
_aSansano Antón, Maribel. _9150163 |
|
| 245 | 1 | 0 |
_aMis reflexiones para ti / _cMaribel Sansano Antón. |
| 260 |
_aSan Vicente (Alicante) : _bEditorial Club Universitario, _c[2011] |
||
| 300 |
_a129 p. : _bil. ; _c21 cm. |
||
| 650 | 0 | 7 |
_aAutoayuda _2embne _910421 |
| 852 |
_aES-MaACL _jA-12110 _9187130 _bR.148272 _cDEPO1 _dOlim: N-5115 _xDonación: de la autora Maribel Sansano Antón |
||
| 903 |
_9150163 _aSansano Antón, Maribel _ednr |
||
| 942 |
_2udc _cMONOGRAFIA |
||
| 999 |
_c180217 _d180217 |
||